|
|
|
|
| LEADER |
00000cam a2200000 a 4500 |
| 001 |
vtls008395198 |
| 003 |
SK-MaSNL |
| 005 |
20260302015225.0 |
| 008 |
230403s1953 xo 000 0 slo |
| 015 |
|
|
|a SNBA19451955-010486
|
| 035 |
|
|
|a SK01SNKBKSFS20010087415
|
| 035 |
|
|
|a urn:nbn:sk:snk-am3iix9
|
| 035 |
|
|
|a 89CC5363-84C7-4668-9CA5-DAD5F3A5A76C
|
| 035 |
|
|
|a urn:nbn:sk:snk-am00el2l
|
| 035 |
|
|
|a SKM000089878
|
| 040 |
|
|
|a SNK
|b slo
|c SNK
|e AACR2
|
| 041 |
1 |
|
|a slo
|h rus
|
| 044 |
|
|
|a xo
|c SK
|
| 080 |
|
|
|a 338
|2 1981
|
| 100 |
1 |
|
|a Sakov, Michail Pimenovič
|4 aut
|9 660712
|
| 245 |
1 |
0 |
|a Režim hospodárnosti - socialistická metóda hospodárenia
|c M. Sakov ; [preložil Štefan Oršula]
|
| 260 |
|
|
|a Bratislava
|b Slovenské vydavateľstvo politickej literatúry
|c 1953
|e Žilina
|f Pravda
|
| 300 |
|
|
|a 39, [1] s.
|c 8°
|
| 366 |
|
|
|e 3000 výtl.
|
| 490 |
1 |
|
|a Politická ekonómia
|
| 650 |
0 |
7 |
|a socialistické hospodárstvo
|2 SNKPH
|9 2154
|
| 655 |
|
7 |
|a príručky
|2 SNKPH
|9 74364
|
| 700 |
1 |
|
|a Oršula, Štefan
|4 trl
|9 308177
|
| 830 |
|
0 |
|a Politická ekonómia
|9 370372
|
| 852 |
|
|
|a Slovenská národná knižnica
|
| 954 |
|
|
|a odborná, vedecká literatúra cudzojazyčná (svetová)
|2 lita
|
| 958 |
|
|
|a OND
|
| 958 |
|
|
|a RK
|
| 958 |
|
|
|a TL
|
| 958 |
|
|
|a EUIPO
|
| 999 |
|
|
|c 1020213
|d 1022143
|
| 952 |
|
|
|a SNK
|b SNK
|y VYP
|7 0
|p 17A0698493
|o snkSD 7376/17 D1
|i snkKSF 4588/56
|8 5
|0 0
|1 0
|4 0
|d 2011-06-29
|l 0
|r 2026-02-24 13:21:35
|w 2026-02-24
|
| 952 |
|
|
|a SNK
|b SNK
|y PREZ
|7 0
|p 17A0895396
|o snkSD 7376/17
|i snk1548/54
|0 0
|1 0
|4 0
|d 2020-08-25
|f 1
|l 0
|r 2025-11-18 00:00:00
|w 2026-02-24
|